000 00417nam a2200157Ia 4500
008 231217s9999 xx 000 0 und d
041 _aEnglish
082 _a001.642 SIL
100 _aSilberschatz, Abraham. Galvin, Peter Baer.
245 0 _aOperating system concepts
250 _a3rd ed.
260 _c1991
_bNew York : Addison-Wesley,
300 _axviii+696
650 _aOperating systems
942 _cAA
999 _c162500
_d162500